| 000 | 00496nam a2200169Ia 4500 | ||
|---|---|---|---|
| 999 |
_c312 _d312 |
||
| 003 | OSt | ||
| 005 | 20210903124456.0 | ||
| 008 | 190216s9999||||xx |||||||||||||| ||und|| | ||
| 040 | _coclc | ||
| 082 |
_a297 _bALA/M |
||
| 100 |
_aAl Andari, Abdullah Bin Ibrahim _98772 |
||
| 245 | 0 |
_aMin Hakmi Al Shariat Wa Asraraha / _cAbdullah Bin Ibrahim Al Andari |
|
| 260 |
_bKitab Bhavan, _aNew Delhi: |
||
| 300 | _a244p | ||
| 650 | _aArabic | ||
| 942 |
_cBK _2ddc _h297 _iALA/M _k297 _mALA/M |
||